| Tag |
First Indicator |
Second Indicator |
Subfields |
| LEADER |
00000cam a2200000 a 4500 |
| 001 |
in00002147151 |
| 006 |
m e d # |
| 007 |
cr mn mmmmabba |
| 008 |
830112s1790 pau js 000 0 eng d |
| 005 |
20260331143219.7 |
| 035 |
|
|
|z w026862
|
| 035 |
|
|
|a MAAR8301122501B
|
| 035 |
|
|
|9 mwa91-29361
|
| 035 |
|
|
|a 343508
|
| 035 |
|
|
|a aas03026862
|
| 040 |
|
|
|a MWA
|c MWA
|e bdrb
|d UtOrBLW
|
| 100 |
1 |
|
|a Potter, John,
|d active 1754-1804.
|
| 245 |
1 |
4 |
|a The words of the wise :
|b Designed for the entertainment and instruction of younger minds. : [Two lines from Proverbs].
|
| 264 |
|
3 |
|a Philadelphia :
|b Printed by Joseph Crukshank, in Market Street, between Second and Third Streets,
|c MDCCXC. [1790]
|
| 300 |
|
|
|a vii, 1 unnumbered page, 9-75 pages, 1 unnumbered page ;
|c 13 cm. (24mo)
|
| 336 |
|
|
|a text
|b txt
|2 rdacontent
|
| 337 |
|
|
|a computer
|b c
|2 rdamedia
|
| 338 |
|
|
|a online resource
|b cr
|2 rdacarrier
|
| 500 |
|
|
|a Dedication to Lady Mawbey signed: John Potter.
|
| 500 |
|
|
|a With a half-title.
|
| 510 |
4 |
|
|a Bristol
|c B7473
|
| 510 |
4 |
|
|a Shipton & Mooney
|c 45976
|
| 510 |
4 |
|
|a Rosenbach, A.S.W. Children's books,
|c 147
|
| 530 |
|
|
|a Microform version available in the Readex Early American Imprints series.
|
| 533 |
|
|
|a Electronic text and image data.
|b [Chester, Vt. :
|c Readex, a division of Newsbank, Inc.,
|d 2002-2004.
|e Includes files in TIFF, GIF and PDF formats with inclusion of keyword searchable text.
|f (Early American imprints. First series ; no. 45976).
|
| 500 |
|
|
|a Electronic resource.
|
| 650 |
|
0 |
|a Youth
|x Conduct of life.
|
| 655 |
|
7 |
|a Juvenile literature
|y 1790.
|2 rbgenr
|
| 700 |
1 |
|
|a Mawbey, Elizabeth,
|c Lady,
|d -1790,
|e dedicatee.
|
| 752 |
|
|
|a United States
|b Pennsylvania
|d Philadelphia.
|
| 830 |
|
0 |
|a Early American imprints.
|n Series I,
|p Evans (1639-1800) ;
|v no. 45976.
|
| 856 |
4 |
1 |
|u http://proxy.library.tamu.edu/login?url=https://opac.newsbank.com/select/evans/45976
|y Evans Digital Edition
|t 0
|
| 999 |
|
|
|a MARS
|
| 999 |
f |
f |
|s a91ae1bf-266b-3a3a-a9eb-97d8ee8f0cad
|i 62c899c6-b9c6-3892-8bbf-afc4bfaed5d5
|t 0
|
| 952 |
f |
f |
|a Texas A&M University
|b College Station
|c Electronic Resources
|s www_evans
|d Available Online
|t 0
|h No information provided
|
| 998 |
f |
f |
|t 0
|l Available Online
|